Library Banner

The essence of multivariate thinking (Record no. 83496)

MARC details
000 -LEADER
fixed length control field 00505nam a2200193Ia 4500
001 - CONTROL NUMBER
control field 71103
008 - FIXED-LENGTH DATA ELEMENTS--GENERAL INFORMATION
fixed length control field 160226s9999 xx 000 0 und d
020 ## - INTERNATIONAL STANDARD BOOK NUMBER
International Standard Book Number 9780415873727
040 ## - CATALOGING SOURCE
Transcribing agency PK-LaUMT
082 ## - DEWEY DECIMAL CLASSIFICATION NUMBER
Classification number 519.535
Item number HAR-E
100 ## - MAIN ENTRY--PERSONAL NAME
Personal name Harlow, Lisa L.
245 #4 - TITLE STATEMENT
Title The essence of multivariate thinking
Remainder of title basic themes and methods
Statement of responsibility, etc Harlow, Lisa L.
250 ## - EDITION STATEMENT
Edition statement 2nd
260 ## - PUBLICATION, DISTRIBUTION, ETC. (IMPRINT)
Place of publication, distribution, etc London,UK:
Name of publisher, distributor, etc Routledge,
Date of publication, distribution, etc 2014
300 ## - PHYSICAL DESCRIPTION
Extent 396 p.
546 ## - LANGUAGE NOTE
Language note EN
650 ## - SUBJECT ADDED ENTRY--TOPICAL TERM
Topical term or geographic name as entry element Multivariate analysis
942 ## - ADDED ENTRY ELEMENTS (KOHA)
Koha item type Books
Holdings
Withdrawn status Lost status Damaged status Not for loan Home library Current library Date acquired Total Checkouts Full call number Barcode Date last seen Price effective from Koha item type
        UMT Main Campus UMT Main Campus 2016-02-26   519.535 HAR-E 97775 2016-02-26 2016-02-26 Books